01718nab a2200421 i 450000100060000000300080000600500170001400600190003100700150005000800410006502200140010603500220012004000310014205000200017308000060019308200120019910000280021124501410023926400660038031000140044633600310046033700330049133800430052436200100056758800830057758800760066059001620073665000280089865000250092665000390095165000280099065100280101865500320104677301210107879700180119985600620121799900170127957334FINmELB20241216232922.0m o d | cr cnu||||||||230704c20029999ag fr p o 0 0eng d a1515-6443 a(OCoLC)1394962584 aFINmELBbspaerdacFINmELB 4aH61b.M869 2002 a304a3002231 aMuñoz, Lucio,eautor.10aNon-traditional research methods and regional planning needs in developing countries :bis there an ideal methodology? /cLucio Muñoz. 1aQuilmes, Argentina :bUniversidad Nacional de Quilmes,c2002. aSemestral atextobtxt2rdacontent/spa acomputadorabc2rdamedia/spa arecurso en líneabcr2rdacarrier/spa0 a2000- aDescripción basada en metadatos suministrados por el editor y otras fuentes. aDescripción basada en Revista theomai, n. 6 (2002), P. 9 sin numerar. aRecurso electrónico. Santa Fe, Arg.: elibro, 2023. Disponible vía World Wide Web. El acceso puede estar limitado para las bibliotecas afiliadas a elibro. 4aDesarrollo económico. 4aDesarrollo regional. 4aMetodologías de investigación. 4aPlanificacion regional. 4aPaíses en desarrollo. 4aArtículos electrónicos.1 tRevista theomai.xISSN1515-6443dBernal, Argentina : Universidad Nacional de Quilmes.gn. 6 (2002), p. 9 sin numerar2 aelibro, Corp.40uhttps://elibro.net/ereader/politecnicointernacional/20936 c57334d57334